000 00489nam a2200181Ia 4500
005 20250326142619.0
008 250326s9999 xx 000 0 und d
037 _aTextbook
040 _aFMSL
_beng
_cFMSL
041 _aeng
_2eng
084 _qFMSL
100 _aAhluwalia IJ
_9746310
245 0 _aProductivity and growth in Indian Manuplaturing
_cAhluwalia IJ
260 _aDelhi
_bDelhi, Oxford univ press
_c1991
300 _a259p
942 _cTB
999 _c1295834
_d1295834